UM Logo

Public information-seeking practices during disaster and emergency crises in Digos City, Davao del Sur / (Record no. 22236)

MARC details
000 -LEADER
fixed length control field 00804nam a22001937a 4500
003 - CONTROL NUMBER IDENTIFIER
control field OSt
005 - DATE AND TIME OF LATEST TRANSACTION
control field 20250211161150.0
008 - FIXED-LENGTH DATA ELEMENTS--GENERAL INFORMATION
fixed length control field 241004b |||||||| |||| 00| 0 eng d
040 ## - CATALOGING SOURCE
Transcribing agency 0
100 ## - MAIN ENTRY--PERSONAL NAME
Personal name Makipig, Radel Grace E.
Relator term author.
9 (RLIN) 62297
245 ## - TITLE STATEMENT
Title Public information-seeking practices during disaster and emergency crises in Digos City, Davao del Sur /
Statement of responsibility, etc. Radel Grace E. Makipig, Maria Laarni G. Romera, and Khareen B. Culajara.
260 ## - PUBLICATION, DISTRIBUTION, ETC. (IMPRINT)
Place of publication, distribution, etc. Philippines ;
Name of publisher, distributor, etc. University of Mindanao,
Date of publication, distribution, etc. 2022.
300 ## - PHYSICAL DESCRIPTION
Extent volume 14, pages 68-110,
Other physical details illustration.
500 ## - GENERAL NOTE
General note Research Journal, v. 14, iss. 1, pages 68-110, 2022.
700 ## - ADDED ENTRY--PERSONAL NAME
Personal name Makipig, Radel Grace E.
Relator term author.
9 (RLIN) 62297
700 ## - ADDED ENTRY--PERSONAL NAME
Personal name Romera, Maria Laarni G.
Relator term author.
9 (RLIN) 65032
700 ## - ADDED ENTRY--PERSONAL NAME
Personal name Culajara, Khareen B.
Relator term author.
9 (RLIN) 65033
942 ## - ADDED ENTRY ELEMENTS (KOHA)
Source of classification or shelving scheme Dewey Decimal Classification
Koha item type Periodicals
Holdings
Withdrawn status Lost status Source of classification or shelving scheme Damaged status Not for loan Collection code Home library Current library Date acquired Total Checkouts Date last seen Price effective from Koha item type Public note
    Dewey Decimal Classification     Periodicals UM Digos College - LIC UM Digos College - LIC 10/04/2024   10/04/2024 10/04/2024 Periodicals Periodical Article